书目信息 |
| 题名: |
JPEG2000技术
|
|
| 作者: | 小野定康 , 铃木纯司 著 ;强增福 译 | |
| 分册: | ||
| 出版信息: | 北京 科学出版社 2004.04 |
|
| 页数: | 202页, [2] 页图版 | |
| 开本: | 24cm | |
| 丛书名: | OHM通信实用技术系列 | |
| 单 册: | ||
| 中图分类: | TN919.81 | |
| 科图分类: | ||
| 主题词: | 图像处理--tu xiang chu li--数据压缩--图像编码 | |
| 电子资源: | ||
| ISBN: | 7-03-012744-7 | |
| 000 | 01195nam 2200301 45 | |
| 001 | 012007344967 | |
| 005 | 20070926104848.87 | |
| 010 | @a7-03-012744-7@dCNY27.00 | |
| 100 | @a20070724d2004 km y0chiy0120 ea | |
| 101 | 1 | @achi@cjpn |
| 102 | @aCN@b110000 | |
| 105 | @aaf a 000yy | |
| 200 | 1 | @aJPEG2000技术@AJPEG2000 Ji Shu@f(日) 小野定康, 铃木纯司著@F(ri)xiao ye ding kang,ling mu chun si zhu@g强增福译@Gqiang zeng fu yi |
| 210 | @a北京@c科学出版社@d2004.04 | |
| 215 | @a202页, [2] 页图版@c图 (部分彩图)@d24cm | |
| 225 | 2 | @aOHM通信实用技术系列@AOHM tong xin shi yong ji shu xi lie |
| 312 | @a日文并列题名取自版权页。 | |
| 320 | @a有书目 (第201-202页)。 | |
| 330 | @a内容包括JPEG向JPEG2000的转换、宽带网的发展、图像应用与知识产权管理、JPEG2000概况、图像数据的预处理与分割、小波变换、系数位建模与ROI编码、算术编码、码流结构等。 | |
| 410 | 0 | @12001 @aOHM通信实用技术系列 |
| 500 | 10 | @aJPEG2000の技術@mChinese |
| 606 | 0 | @a图像处理@Atu xiang chu li@x数据压缩@x图像编码 |
| 690 | @aTN919.81@v4 | |
| 701 | 0 | @a小野定康@Axiao ye ding kang@4著 |
| 701 | 0 | @a铃木纯司@Aling mu chun si@4著 |
| 702 | 0 | @a强增福@Aqiang zeng fu@4译 |
| 801 | 0 | @aCN@c20070926 |
| 905 | @dTN919.81@eX386 | |
| JPEG2000技术/(日) 小野定康, 铃木纯司著/强增福译.-北京:科学出版社,2004.04 |
| 202页, [2] 页图版:图 (部分彩图);24cm.-(OHM通信实用技术系列) |
| ISBN 7-03-012744-7:CNY27.00 |
| 内容包括JPEG向JPEG2000的转换、宽带网的发展、图像应用与知识产权管理、JPEG2000概况、图像数据的预处理与分割、小波变换、系数位建模与ROI编码、算术编码、码流结构等。 |
| ● |
| 相关链接 |
|
|
|
正题名:JPEG2000技术
索取号:TN919.81/X386
 
预约/预借
| 序号 | 登录号 | 条形码 | 馆藏地/架位号 | 状态 | 备注 |
| 1 | 246874 | 202468748 | 自科库301/301自科库 998排9列2层/ [索取号:TN919.81/X386] | 在馆 | |
| 2 | 246875 | 202468757 | 自科库301/301自科库 30排2列2层/ [索取号:TN919.81/X386] | 在馆 | |
| 3 | 246876 | 202468766 | 自科库301/301自科库 998排9列2层/ [索取号:TN919.81/X386] | 在馆 |